UM Logo

Shift clinical performance in the hospital of BSN students/ (Record no. 1839)

MARC details
000 -LEADER
fixed length control field 00518nam a22001577a 4500
008 - FIXED-LENGTH DATA ELEMENTS--GENERAL INFORMATION
fixed length control field 160416b xxu||||| |||| 00| 0 eng d
082 ## - DEWEY DECIMAL CLASSIFICATION NUMBER
Edition number 2007
Classification number UT 0078
Item number P19
100 ## - MAIN ENTRY--PERSONAL NAME
9 (RLIN) 5843
Personal name Paquera, Dennis A.
245 ## - TITLE STATEMENT
Title Shift clinical performance in the hospital of BSN students/
Statement of responsibility, etc. Dennis A. Paquera
260 ## - PUBLICATION, DISTRIBUTION, ETC. (IMPRINT)
Place of publication, distribution, etc. Digos City:
Name of publisher, distributor, etc. UMDC
Date of publication, distribution, etc. October 2004.
300 ## - PHYSICAL DESCRIPTION
Extent 35 pages;
Dimensions 28 cm.
650 #0 - SUBJECT ADDED ENTRY--TOPICAL TERM
9 (RLIN) 5844
Topical term or geographic name as entry element Nursing
Chronological subdivision Undergraduate thesis.
700 ## - ADDED ENTRY--PERSONAL NAME
9 (RLIN) 5845
Personal name Mahinay, Verlyn S.
700 ## - ADDED ENTRY--PERSONAL NAME
9 (RLIN) 5846
Personal name Roble, Jecelyn Y.
942 ## - ADDED ENTRY ELEMENTS (KOHA)
Source of classification or shelving scheme Dewey Decimal Classification
Koha item type Undergraduate Thesis
Holdings
Withdrawn status Lost status Source of classification or shelving scheme Damaged status Not for loan Collection code Home library Current library Date acquired Total Checkouts Full call number Barcode Date last seen Price effective from Koha item type
    Dewey Decimal Classification     Undergraduate Theses UM Digos College - LIC UM Digos College - LIC 04/16/2016   UT 0078 P19 2007 UT0078 04/16/2016 04/16/2016 Undergraduate Thesis